|
|
|
|
| LEADER |
00000nam a2200000Ii 4500 |
| 001 |
DIGUAZUAY0235 |
| 003 |
NyNyDIG |
| 006 |
m o d |
| 007 |
cr ||||||||||| |
| 008 |
251104s2024 ec ob 000 0 spa d |
| 035 |
|
|
|a (OCoLC)1548426677
|
| 040 |
|
|
|a DGITA
|b eng
|e rda
|e pn
|c DGITA
|
| 020 |
|
|
|a 9789942645227
|q eBook
|
| 020 |
|
|
|z 9789942645210
|
| 041 |
0 |
|
|a spa
|b spa
|b eng
|
| 043 |
|
|
|a s-ec---
|
| 050 |
1 |
4 |
|a HD2838 ebook
|
| 245 |
0 |
0 |
|a ¿Deuda o recursos propios? :
|b decisiones de financiamiento empresarial (estudio de casos) /
|c compiladora, María Ximena Moscoso Serrano ; autores, Christian Iván Arévalo Pulla [and 8 others].
|
| 264 |
|
1 |
|a Cuenca, Ecuador :
|b Universidad del Azuay, Casa Editora,
|c [2024]
|
| 300 |
|
|
|a 1 online resource.
|
| 336 |
|
|
|a text
|b txt
|2 rdacontent
|
| 337 |
|
|
|a computer
|b c
|2 rdamedia
|
| 338 |
|
|
|a online resource
|b cr
|2 rdacarrier
|
| 347 |
|
|
|a text file
|2 rdaft
|
| 347 |
|
|
|b PDF
|
| 490 |
1 |
|
|a Numerus
|
| 504 |
|
|
|a Includes bibliographical references.
|
| 546 |
|
|
|a Text in Spanish with abstract in Spanish and English.
|
| 588 |
0 |
|
|a Online resource; title from PDF title page (Digitalia, viewed November 4, 2025)
|
| 650 |
|
0 |
|a Corporations
|z Ecuador
|y 21st century
|x Finance.
|
| 650 |
|
0 |
|a Textile industry
|z Ecuador
|y 21st century
|x Finance.
|
| 650 |
|
0 |
|a Beverage industry
|z Ecuador
|y 21st century
|x Finance.
|
| 650 |
|
0 |
|a Construction industry
|z Ecuador
|y 21st century
|x Finance.
|
| 700 |
1 |
|
|a Moscoso Serrano, María Ximena,
|e author.
|
| 700 |
1 |
|
|a Arévalo Pulla, Christian Iván,
|e editor.
|
| 791 |
2 |
|
|a Digitalia (Firm),
|e distributor.
|
| 793 |
0 |
|
|g Digitalia eBook Collection:
|a Universidad del Azuay
|
| 776 |
0 |
8 |
|i Print version:
|a Moscoso Serrano, María Ximena.
|t ¿Deuda o recursos propios?.
|d Cuenca, Ecuador : Universidad del Azuay, Casa Editora, [2024]
|z 9789942645210
|
| 830 |
|
0 |
|a Numerus (Universidad del Azuay, Casa Editora)
|
| 856 |
4 |
0 |
|3 Digitalia Hispánica
|u https://www.digitaliapublishing.com/a/170463/
|
| 910 |
|
|
|a Premium collection: 2025
|